书目信息 |
| 题名: |
舞学典韵
|
|
| 作者: | 曾湘玲 著 | |
| 分册: | ||
| 出版信息: | 长春 吉林大学出版社 2021.3 |
|
| 页数: | 178页 | |
| 开本: | 24cm | |
| 丛书名: | ||
| 单 册: | ||
| 中图分类: | J722.4 | |
| 科图分类: | ||
| 主题词: | 古典舞蹈--研究--中国 | |
| 电子资源: | ||
| ISBN: | 978-7-5692-8087-6 | |
| 000 | 00827nam0 2200241 45 | |
| 001 | 490115 | |
| 005 | 20140817183512.0 | |
| 010 | @a978-7-5692-8087-6@dCNY59.00 | |
| 100 | @a20210716d2021 em y0chiy0110 ea | |
| 101 | 0 | @achi |
| 102 | @aCN@b220000 | |
| 105 | @aa z 000yy | |
| 106 | @ar | |
| 200 | 1 | @a舞学典韵@Awu xue dian yun@e中国古典舞之探径@f曾湘玲著 |
| 210 | @a长春@c吉林大学出版社@d2021.3 | |
| 215 | @a178页@c图@d24cm | |
| 300 | @a广西艺术学院学术著作出版资助项目 | |
| 330 | @a全书共分上下两编:中国古典舞之风韵、中国古典舞之实践,共七章内容,包括中国古典舞宿世此生,古典舞流派纷呈,古典舞主要构成元素,古典舞之美等内容。 | |
| 606 | 0 | @a古典舞蹈@x研究@y中国 |
| 690 | @aJ722.4@v5 | |
| 701 | 0 | @a曾湘玲@Azeng xiang ling@c(女,@f1975-)@4著 |
| 801 | @aCN@b江苏凤凰@c20211018 | |
| 905 | @b1355689-92@dJ722.4@e328@f4 | |
| 舞学典韵:中国古典舞之探径/曾湘玲著.-长春:吉林大学出版社,2021.3 |
| 178页:图;24cm |
| 广西艺术学院学术著作出版资助项目 |
| ISBN 978-7-5692-8087-6:CNY59.00 |
| 全书共分上下两编:中国古典舞之风韵、中国古典舞之实践,共七章内容,包括中国古典舞宿世此生,古典舞流派纷呈,古典舞主要构成元素,古典舞之美等内容。 |
| ● |
| 相关链接 |
|
|
|
|
正题名:舞学典韵
索取号:J722.4/328
 
预约/预借
| 序号 | 登录号 | 条形码 | 馆藏地/架位号 | 状态 | 备注 |
| 1 | 1355689 | 213556891 | 第一样本阅览室/ [索取号:J722.4/328] | 在馆 | |
| 2 | 1355690 | 213556908 | 第一借阅区/ [索取号:J722.4/328] | 在馆 | |
| 3 | 1355691 | 213556917 | 第一借阅区/ [索取号:J722.4/328] | 在馆 | |
| 4 | 1355692 | 213556926 | 第一借阅区/ [索取号:J722.4/328] | 在馆 |